| 000 | 00638nam a22002057a 4500 | ||
|---|---|---|---|
| 999 |
_c21351 _d21351 |
||
| 003 | AR-CdUCM | ||
| 008 | 190313b ||||| |||| 00| 0 spa d | ||
| 040 |
_aMUNICIPALIDAD PROVINCIAL DEL CUSCO _cBIBLIOTECA MUNICIPAL DEL CUSCO |
||
| 082 |
_aES/869.56/L93 _bL93 |
||
| 100 |
_aLovaton Choque, Jorge _944520 |
||
| 245 | _aEn mi infierno a veces sale la Luna / | ||
| 260 |
_aCusco ; _bAldair, _c2018. |
||
| 300 |
_a106 Páginas ; _c20 cm. |
||
| 650 |
_aLiteratura cusqueña _944521 |
||
| 650 |
_aLiteratos cusqueños _944145 |
||
| 650 |
_aNarrativa cusqueña _910453 |
||
| 650 |
_aSiglo XXI _944522 |
||
| 942 |
_2ddc _cLIBROS |
||
| 945 | _aRoel | ||